| 000 | 01389nam a22002657a 4500 | ||
|---|---|---|---|
| 005 | 20170124103107.0 | ||
| 010 | _aA-470405 | ||
| 020 |
_c180.00 _a8170541204 |
||
| 035 | _aA-470405 | ||
| 037 | _bCen Lib/Ret | ||
| 040 |
_aDPL _bHN |
||
| 082 |
_a230.1 _bमिश्रआ |
||
| 100 |
_aमिश्र, आर.पी. _978721 |
||
| 245 |
_aभगवद्गीता में स्थितप्रज्ञता के आदर्श : _cआर.पी.मिश्र _bसमकालीन संदर्भ में विवेचन एवं मूल्यांकन / |
||
| 246 |
_aBhagwadgeeta me sthitpragyta ka aadarsh : samkalin sandarbh me vivechan ewam moolyankan / _bby R.P.Mishra |
||
| 260 |
_aनई दिल्ली _bक्लासिकल पब्लिशिंग कम्पनी _c1990 |
||
| 270 |
_a28, शॉपिंग सेंटर, करमपुरा _bनई दिल्ली _e110015 |
||
| 300 |
_a180पृ. _c21सेमी(सजिल्द) |
||
| 500 | _aसंदर्भ शामिल | ||
| 650 |
_aहिन्दू धर्म _91413 |
||
| 650 |
_aभगवद्गीता -- समकालीन दृष्टियाँ _978722 |
||
| 650 |
_aHindu religion _978723 |
||
| 650 |
_aBhagavad Gita - contemporary dimension _978724 |
||
| 942 |
_2ddc _cHN _h230.1 _mमिश्रआ |
||
| 999 |
_c118180 _d118180 |
||